| 000 | 00615nam a2200229Ia 4500 | ||
|---|---|---|---|
| 003 | OSt | ||
| 005 | 20220923230440.0 | ||
| 006 | a|||||r|||| 00| 0 | ||
| 007 | ta | ||
| 008 | Pun | ||
| 024 | _a282,044 | ||
| 037 | _cTextual | ||
| 040 |
_aARTS _cARTS _bPun |
||
| 041 |
_2Pun _aPun |
||
| 082 | _aO152,3N20,JK, 153L8 | ||
| 100 |
_aਕ੍ਰਿFਨ ਚੰਦਰ _9160121 |
||
| 245 | 0 | _aਜਦੋ੍ਵ ਖੇਤ ਜਾਗੇ | |
| 260 | _c1978 | ||
| 650 | _aਪੰਜਾਬੀ ਸਾਹਿਤ | ||
| 942 |
_hO152,3N20,JK, 153L8 _cTEXL _2CC |
||
| 999 |
_c384881 _d384881 |
||